| 000 | 00840cam a2200241 a 4500 | ||
|---|---|---|---|
| 003 | CO-ViMGA | ||
| 005 | 20230915225027.0 | ||
| 008 | 980914s1998 ck r f00010 spa d | ||
| 020 | _a9586910687 | ||
| 040 |
_aCO-ViMGA _bspa _cCO-ViMGA |
||
| 043 | _as-ck--- | ||
| 082 | 0 | 4 |
_a375 _bC65i _219 ed. |
| 100 | 1 |
_aRuth Dey Zambrano Gaitan _9741 |
|
| 110 | 1 |
_aColombia. _bMinisterio de Educación Nacional. _9723 |
|
| 245 | 1 | 0 |
_aIndicadores de logros curriculares : _bhacia una fundamentación / _cMinisterio de Educación Nacional. |
| 250 | _aEditor Ministerio de Educación Nacional. | ||
| 260 |
_aSanta Fe de Bogotá : _bEl Ministerio, _c1998. |
||
| 300 |
_a97 p. ; _c27 cm. |
||
| 650 | 1 | 4 |
_aCurrículo _z Colombia. _9743 |
| 650 | 1 | 4 |
_aRendimiento académico. _9742 |
| 650 | 6 |
_aEvaluación curricular _z Colombia. _96 |
|
| 942 |
_2ddc _cBK |
||
| 999 |
_c12128 _d12128 |
||